000 01033nam a2200217 a 4500
008 060906s2006 ||||||||||||||||| || u
050 _aIBRD(08)PRWP/3753
100 _a[and others]
245 1 0 _aHow banks go abroad
246 _abranches or subsidiaries?
260 _aWashington, D. C
_bWorld Bank
_c2006
300 _a24 pages : illustrations
350 _a0.00
490 _aWorld Bank policy research working papers
650 0 _aECONOMICS
650 _aFOREIGN BANKS--RESEARCH
700 _aCerutti, Eugenio
995 _aSPECIAL COLLECTIONS
_D0.00
_eIBRD(08)PRWP/3753
_FCBU-MAIN LIBRARY (Kitwe)
_H1
_I0.00
_jIBRD(08)PRWP/3753
_M1
_UAVAILABLE
_WSep 6, 2006
_yZ03001110
_ZInternational Publications
995 _aSPECIAL COLLECTIONS
_D0.00
_eb
_FCBU-MAIN LIBRARY (Kitwe)
_H1
_I0.00
_jIBRD(08)PRWP/3753
_M2
_UAVAILABLE
_WSep 21, 2006
_yZ03001129
_ZInternational Publications
995 _aSPECIAL COLLECTIONS
_D0.00
_e3C
_FCBU-MAIN LIBRARY (Kitwe)
_H1
_I0.00
_jIBRD(08)PRWP/3753
_M1
_UAVAILABLE
_WNov 13, 2006
_yZ03001371
_ZInternational Publications
999 _c76353
_d76353